1130 1738 1612 1466 1017 1290 1210 1636 1844 1293 1169 1554 1105 1213 1076 1752 1604 1256 1151 1412 1871 1847 1738 1738 1701 1434 1229 1932 1402 1752 1758 1686 1994 1577 1665 1313 1693 1617 1643 1011 1386 1213 1435 1949 1289 1316 1203 1409 1944 1342 1976 1144 1815 1098 1115 1801 1556 1116 1157 1828 1765 1494 1146 1165 1889 1699 1162 1533 1604 1434 1741 1221 1248 1287 1401 1853 1260 1134 1250 1496 1807 1003 1038 1947 1167 1362 1615 1205 1921 1269 1608 1488 1469 1274 1922 1859 1966 1698 1398 BCNSPRNW ULIB Ver.6.0+V

เปลี่ยนเป็นภาษาไทย

Change to English
 แสดงรายละเอียดบรรณานุกรม
  กลับหน้าหลัก

Brief Record : Get Marc (ISO 2709) : E-mail record : QR code < ปิดหน้าต่าง
LEADER : 00000nam 2200000uu 4500
001    13399108276
003     ULIB
008    110225s2548||||th 000 0 tha d
020    9741334923
060 04 WQ100^bธ721ส 2548
245 00 สูติศาสตร์ /^cธีระพงศ์ เจริญวิทย์ ... [และคนอื่นๆ]
250    พิมพ์ครั้งที่ 3
260    กรุงเทพฯ :^bภาควิชาสูติศาสตร์-นรีเวชวิทยาคณะแพทยศาสตร์จุฬาฯ,^c2548
300    642 หน้า :^bภาพประกอบ ;^c30 ซม.
504    บรรณานุกรม และดรรชนี
505 2  สรีรวิทยาของการตั้งครรภ์ --การดูแลในระยะก่อนคลอดในครรภ์ปกติ -- การดูแลในระยะคลอดในครรภ์ปกติ -- การดูแลทารกระยะหลังคลอด --การคลอดที่ผิดปกติ -- สูติศาสตร์หัตถการ -- ภาวะแทรกซ้อนทางสูติศาสตร์ -- ภาวะแทรกซ้อนทางอายุรศาสตร์ศัลยศาสตร์ และอื่นๆ -- การให้คำปรึกษาทางพันธุศาสตร์ ; โรคพันธุกรรมที่พบบ่อย ; คลื่นเสียงความถี่สูงทางสูติศาสตร์ ; หัตถการในการวินิจฉัยทารกก่อนคลอด
650  2 Pregnancy
650  2 Labor, obstetric
650  2 Obstetrics
650  7 สูติศาสตร์
650  7 ครรภ์
700 2  จุฬาลงกรณ์มหาวิทยาลัย. ^bภาควิชาสูติศาสตร์-นรีเวชวิทยา
700 2  จุฬาลงกรณ์มหาวิทยาลัย. ^bคณะแพทยศาสตร์
945    ^p600^l0^i018917
945    ^p600^l0^i017930
945    ^p600^l0^i017929
945    ^p600^l0^i024798
945    ^p600^l0^i024806
945    ^p600^l0^i024796
995    ทศพร
999 ^a ใช้งานได้ทุกระบบ
รายการนี้ยังไม่มีแท็ก
คุณยังไม่ได้ล็อกอิน คุณสามารถมีกิจกรรมร่วมกับเว็บไซต์ได้ แต่ต้องล็อกอินก่อน ::
  ล็อกอิน

รายการสื่อสารสนเทศ

ลำดับที่ ประเภท เลขเรียก/บาร์โค้ด สถานที่ สถานะ
1. วิทยาศาสตร์การแพทย์ และสุขภาพ
วิทยาศาสตร์การแพทย์ และสุขภาพ
สถานะ=หนังสือเก่า
WQ100 ธ721ส 2548 ฉ.1 
  Barcode: 017929
ห้องสมุดวิทยาเขตสวรรค์ประชารักษ์
►ส่วนจัดเก็บหนังสือเก่า สปร
บนชั้น
  ขอยืม

รายการใกล้เคียง
    หัวเรื่อง [Pregnancy]
    หัวเรื่อง [Labor, obstetric]
    หัวเรื่อง [Obstetrics]
    หัวเรื่อง [สูติศาสตร์]
    หัวเรื่อง [ครรภ์]

BibComment


ยังไม่เคยถูกคอมเมนท์

คอมเมนท์ทรัพยากรรายการนี้
  คอมเมนท์: สูติศาสตร์ ธีระพ..


 Copyright 2026. Bcnsprnw @Library